Konvertabilné obligácie a ich význam pri investovaní
Salvato in:
| Autore principale: | |
|---|---|
| Altri autori: | |
| Natura: | Capitolo di libro |
| Lingua: | slovacco |
| Soggetti: | |
| Tags: |
Nessun Tag, puoi essere il primo ad aggiungerne!!
|
MARC
| LEADER | 00000nla a2200000 4500 | ||
|---|---|---|---|
| 001 | 0157184 | ||
| 005 | 20240502072738.7 | ||
| 041 | 0 | |a slo | |
| 044 | |a SK | ||
| 245 | 1 | 0 | |a Konvertabilné obligácie a ich význam pri investovaní |c Elena Mojžišová, František Peller |
| 500 | |a Abstrakt | ||
| 610 | 2 | 0 | |a papiere cenné |
| 610 | 2 | 0 | |a obligácie konvertibilné |
| 610 | 2 | 0 | |a hodnota trhová |
| 610 | 2 | 0 | |a hodnota reálna |
| 610 | 2 | 0 | |a výnosy |
| 610 | 2 | 0 | |a nástroje investičné |
| 100 | 1 | |a Mojžišová, Elena | |
| 700 | 1 | |a Peller, František | |